000 01867nam0a2200373 i 4500
001 RU\NLR\BIBL_A\011177072
005 20241103115233.0
010 _a9785806422560
_9170
021 _aRU
_b2016-51736
_93306
035 _a(NILC)RuMoRGB-008535764
035 _a(NLR Aleph) 011177072
090 _a11798059
_c11798059
100 _a20160715d2016 k y0rusy50 ca
101 0 _arus
102 _aRU
105 _aa|||z|||000yy
200 1 _aСимволическая вселенная ребенка: между информацией и знанием
_eсборник научных трудов
_f[гл. ред.: К.В. Султанов]
210 _aСанкт-Петербург
_cИзд-во РГПУ
_d2016
215 _a542 с.
_cил.
_d20
320 _aБиблиогр. в конце ст.
606 1 _aДетство
_jСъезды, совещания и т.п
_xСоциокультурные исследования
_92359809
_3RU\NLR\AUTH\661409253
606 _aСредства массовой информации
_jСъезды, совещания и т.п
_xВлияние на детей
_xПсихологические исследования
_92354955
_3RU\NLR\AUTH\661406690
606 1 _aНесовершеннолетние
_jСъезды, совещания и т.п
_xИнформационная безопасность
_yРоссийская Федерация
_92549827
_3RU\NLR\AUTH\661508915
686 1 _aС550.325.2я431
686 1 _aЮ983.7я431
686 1 _aХ621.162я431
702 1 _aСултанов
_bК. В.
_gКонстантин Викторович
_4340
801 0 _aRU
_bРГБ
_c20160704
_gRCR
801 1 _aRU
_bРГБ
_c20160704
_2rusmarc
942 _cBOOK
980 _aNBR